000 00436nam a2200121Ia 4500
008 220620s9999||||xx |||||||||||||| ||und||
245 0 _aBoundaries of the Text
_bEpic Performances in South and Southeast Asia
546 _aEnglish[eng]
650 _aSociology and anthropology
700 _aBurkhalter Flueckiger, Joyce||Sears, Laurie
856 _uhttps://library.oapen.org/bitstream/20.500.12657/41859/1/9780472901715.pdf
942 _cEB
999 _c26833
_d26833